Biblioteca y Centro de Documentación

Del Este al Oeste. Ampliación y flujos migratorios (Registro nro. 38020)

Detalles MARC
000 -CABECERA
Longitud fija campo de control 00959naa a2200265 c 4500
001 - NÚMERO DE CONTROL
Número de control 38020
003 - IDENTIFICADOR DE NÚMERO DE CONTROL
Identificador del número de control ES-MaCES
005 - FECHA Y HORA DE LA ÚLTIMA TRANSACCIÓN
Fecha y hora de la última transacción 20141221114148.0
008 - CAMPO FIJO DE DESCRIPCIÓN FIJA--INFORMACIÓN GENERAL
Códigos de información de longitud fija   071023n2007 sp t ||0 | spa d
035 ## - NÚMERO DE CONTROL DEL SISTEMA
Número de control del sistema CES20070005588v
040 ## - FUENTE DE CATALOGACIÓN
Centro catalogador de origen ES-MaCES
Lengua de catalogación spa
Centro transcriptor ES-MaCES
100 1# - ENCABEZAMIENTO PRINCIPAL--NOMBRE PERSONAL
Nombre de persona Ferrero, Ruth
9 (RLIN) 12074
245 10 - MENCIÓN DE TÍTULO
Título Del Este al Oeste. Ampliación y flujos migratorios
Resto del título = From East to West. Enlargement and migration flows
Mención de responsabilidad, etc. Ruth Ferrero
500 ## - NOTA GENERAL
Nota general Resumen en español e inglés
504 ## - NOTA DE BIBLIOGRAFÍA, ETC.
Nota de bibliografía, etc. Bibliografía: p. 73-75
650 #4 - ASIENTO SECUNDARIO DE MATERIA--TÉRMINO DE MATERIA
Término de materia o nombre geográfico como elemento inicial 2004-2007
9 (RLIN) 31787
650 #4 - ASIENTO SECUNDARIO DE MATERIA--TÉRMINO DE MATERIA
Término de materia o nombre geográfico como elemento inicial Europa Oriental
9 (RLIN) 26939
650 #4 - ASIENTO SECUNDARIO DE MATERIA--TÉRMINO DE MATERIA
Término de materia o nombre geográfico como elemento inicial Europa Central
9 (RLIN) 30962
650 #4 - ASIENTO SECUNDARIO DE MATERIA--TÉRMINO DE MATERIA
Término de materia o nombre geográfico como elemento inicial migración
9 (RLIN) 28635
653 10 - TÉRMINO DE INDEXACIÓN--NO CONTROLADO
Término no controlado Estadísticas demográficas-Población-Movimientos migratorios
773 0# - ENTRADA DE DOCUMENTO FUENTE
Título Migraciones
Parte(s) relacionada(s) n. 21 (jun. 2007){55/963 R. 068647}; p. 59-75
Número de control del registro relacionado (ES-MaCES)25925
Itemnumber del ítem fuente 77834
902 ## - CES. TIPO DE DOCUMENTO
Tipodoc (006$c Sirtex) ART Artículo de revista
942 ## - ELEMENTOS KOHA
Fuente de clasificaión o esquema Clasificación propia del CES
Koha [por defecto] tipo de item Artículos (1982-2017)
Parte de clasificación 8.1.

No hay ítems disponibles.

© CES, Consejo Económico y Social de España 2021